000 00398nam a2200157Ia 4500
003 GCL
008 140319s9999 xx 000 0 eng d
040 _aGCL /
_cGCL
082 0 4 _a739.27
_bT S
100 1 _aTAIT, HUGH
245 1 0 _aSEVEN THOUSAND YEARS OF JEWLLERY /
_cTAIT, HUGH
260 _a[S.N] :
_bBRITISH MUSEUM PRESS ،
_c1995
300 _a254
650 0 4 _aJEWELLERY
942 _2ddc
_cBK
999 _c24136
_d24136